000 01133nam a2200289 i 4500
001 000039049
003 DO-SdBNP
005 20260321073643.0
007 ta
008 190726s2010 dr 000 0 spa d
040 _aDO-SdBNP
_bspa
_cBNPHU
_erda
082 4 _a364.1323
_bB742f, 2010
_222
100 1 _a Bosch, Juan,
_d1909-2001
_eautor
_976555
245 1 3 _aLa fortuna de Trujillo /
_cJuan Bosch.
264 _aSanto Domingo :
_bComisión Nacional para la Celebración del Centenario de Juan Bosch,
_c2010.
300 _a63 páginas ;
_c24 cm.
336 _2rdacontent
_atexto
_btxt
337 _2rdamedia
_asin mediación
_bn
338 _2rdamedia
_asin mediación
_bnc
490 _aCentenario de Juan Bosch
_aEconomía
590 _aInventariado, 2019/VM
600 1 4 _aTrujillo Molina, Rafael Leónidas,
_d1891-1961
_xFinanzas personales
_954397
650 4 _aCorrupción política
_zRepública Dominicana
_xHistoria
_yEra de Trujillo, 1930-1961
_965286
651 4 _aRepública Dominicana
_xPolítica y gobierno
_xHistoria
_yEra de Trujillo, 1930 - 1961
_913076
910 _aValidado. Control de calidad MFF
942 _2ddc
_cLBS1
999 _c38539
_d38539